01167nam a2200193Ia 4500001001100000003001000011008004100021040002500062041001300087100002600100245008600126250001100212260005200223300002800275500026000303501011400563520026000677650003600937L200-52647IT-CnALBA170116s9999||||xx |||||||||||||| ||und|| aIT-CnALBAcIT-CnALBA aITALIANO aCAPRILE GIOVANNI, SJ. 0aGIOVANNI PAOLO II. DIECI ANNI PER LA VITA. RACCOLTA A CURA DI...PRESENTAZIONE...  a1a ed. bCENTRO DOCUMENTAZIONE E SOLIDARIETÀ, R'cn.d. a846 p. (prefazione: 11) aILLUSTRAZIONI. PREFAZIONE. INTERVENTI DI GIOVANNI PAOLO II DAL 1978 AL 1988. VIAGGIO IN MESSICO, IN POLONIA, IN IRLANDA, IN USA. IN FRANCIA, IN BRASILE, VELLETRI, FRASCATI, IN GERMANIA, IN ESTREMO ORIENTE, IN AFRICA. BERGAMO, EMILIA ROMAGNA, PORTOGALLO IN aSocietà San Paolo EM - Piazza San Paolo, 14 - 12051 ALBA (CN) (non commercial uses only) ® Copyright 2017 aILLUSTRAZIONI. PREFAZIONE. INTERVENTI DI GIOVANNI PAOLO II DAL 1978 AL 1988. VIAGGIO IN MESSICO, IN POLONIA, IN IRLANDA, IN USA. IN FRANCIA, IN BRASILE, VELLETRI, FRASCATI, IN GERMANIA, IN ESTREMO ORIENTE, IN AFRICA. BERGAMO, EMILIA ROMAGNA, PORTOGALLO IN aRELIGIONE - RELIGIONE CRISTIANA